Catalog

Record Details

Catalog Search



The dummy meets the mummy!  Cover Image Book Book

The dummy meets the mummy! / R. L. Stine.

Stine, R. L., (author.).

Summary:

After being put back to sleep and abandoned in an old museum, Slappy is brought to life by a curious girl on a school trip. Out for revenge, Slappy uses his powers to raise an army of creatures from the exhibits. But when the museum closes, Slappy and his new friends are locked inside with Arragatis, an ancient mummy with his own plan for revenge. It's dummy versus mummy as Slappy faces his most dangerous and frightening opponent yet! Can Slappy defeat this ancient adversary? Or will it be a wrap for this dummy?

Record details

  • ISBN: 9781338223057
  • ISBN: 1338223054
  • Physical Description: 142 pages ; 20 cm.
  • Publisher: New York, NY : Scholastic Inc., [2019]

Content descriptions

General Note:
Includes an excerpt from Revenge of the Invisible Boy.
Target Audience Note:
Age 9-11
Grade 4-6
Subject: Mummies > Juvenile fiction.
Ventriloquists' dummies > Juvenile fiction.
Museums > Juvenile fiction.
Revenge > Juvenile fiction.
Genre: Horror fiction.

Available copies

  • 1 of 1 copy available at scottsboropl.

Holds

  • 0 current holds with 1 total copy.
Show Only Available Copies
Location Call Number / Copy Notes Barcode Shelving Location Status Due Date
scottsboropl JF Sti 32269001138257 Juvenile - Fiction Available -

LDR 01852nam a2200385Ii 4500
001152774
003CONS
00520191113092531.0
008190514t20192019nyu j 000 1 eng d
020 . ‡a9781338223057 ‡q(paperback)
020 . ‡a1338223054 ‡q(paperback)
035 . ‡a(CPomAG)LMN614785
050 4. ‡aPZ7.S86037 ‡bDUN 2019
08204. ‡a[Fic] ‡223
1001 . ‡aStine, R. L., ‡eauthor.
24514. ‡aThe dummy meets the mummy! / ‡cR. L. Stine.
264 1. ‡aNew York, NY : ‡bScholastic Inc., ‡c[2019]
300 . ‡a142 pages ; ‡c20 cm.
336 . ‡atext ‡btxt ‡2rdacontent
337 . ‡aunmediated ‡bn ‡2rdamedia
338 . ‡avolume ‡bnc ‡2rdacarrier
4901 . ‡aGoosebumps Slappyworld ; ‡v8
500 . ‡aIncludes an excerpt from Revenge of the Invisible Boy.
520 . ‡aAfter being put back to sleep and abandoned in an old museum, Slappy is brought to life by a curious girl on a school trip. Out for revenge, Slappy uses his powers to raise an army of creatures from the exhibits. But when the museum closes, Slappy and his new friends are locked inside with Arragatis, an ancient mummy with his own plan for revenge. It's dummy versus mummy as Slappy faces his most dangerous and frightening opponent yet! Can Slappy defeat this ancient adversary? Or will it be a wrap for this dummy?
5211 . ‡aAge 9-11
5212 . ‡aGrade 4-6
650 0. ‡aMummies ‡vJuvenile fiction.
650 0. ‡aVentriloquists' dummies ‡vJuvenile fiction.
650 0. ‡aMuseums ‡vJuvenile fiction.
650 0. ‡aRevenge ‡vJuvenile fiction.
655 7. ‡aHorror fiction. ‡2lcgft
8001 . ‡aStine, R. L. ‡tGoosebumps Slappyworld ; ‡v8.
914 . ‡aSCP_LP
959 . ‡i32269001138257 ‡lJF Sti ‡aJuvenile - Fiction ‡tPaperback ‡g12.00
852 . ‡p32269001138257 ‡jJF Sti ‡gJuvenile - Fiction ‡cPaperback ‡y12.00 ‡bSBPL
901 . ‡a152774 ‡bUnknown ‡c152774 ‡tbiblio

Additional Resources